Pediatric transplant and oncology infectious diseases / (Record no. 2807)
[ view plain ]
| 000 -LEADER | |
|---|---|
| fixed length control field | 00876cam a2200217 a 4500 |
| 008 - FIXED-LENGTH DATA ELEMENTS--GENERAL INFORMATION | |
| fixed length control field | 191029t20202021paua 001 0 eng d |
| 020 ## - INTERNATIONAL STANDARD BOOK NUMBER | |
| ISBN | 9780323641982 |
| 020 ## - INTERNATIONAL STANDARD BOOK NUMBER | |
| ISBN | 0323641989 |
| 245 00 - TITLE STATEMENT | |
| Title | Pediatric transplant and oncology infectious diseases / |
| Statement of responsibility, etc | [editors] William J. Steinbach, Michael D. Green, Marian G. Michaels, Lara A. Danziger-Isakov, Brian T. Fisher. |
| 260 ## - PUBLICATION, DISTRIBUTION, ETC. (IMPRINT) | |
| Place of publication | Philadelpia |
| Name of publisher | Elsevier |
| Date of publication | 2021 |
| 300 ## - COLLATION | |
| Pagination | xiii, 272 pages : |
| Other physical details | colour illustrations ; |
| 650 #0 - TRACINGS | |
| Main Subject | Communicable diseases in children |
| Subdivision (2nd) | Treatment. |
| 650 #0 - TRACINGS | |
| Main Subject | Infection in children |
| Subdivision (2nd) | Treatment. |
| 650 #0 - TRACINGS | |
| Main Subject | Transplantation of organs, tissues, etc. in children. |
| 650 #0 - TRACINGS | |
| Main Subject | Tumors in children. |
| 650 #7 - TRACINGS | |
| Main Subject | Infection in children |
| Subdivision (2nd) | Treatment. |
| 650 #7 - TRACINGS | |
| Main Subject | Transplantation of organs, tissues, etc. in children. |
| 650 #7 - TRACINGS | |
| Main Subject | Tumors in children. |
| 942 ## - ADDED ENTRY ELEMENTS (KOHA) | |
| Item type | Books |
| 050 00 - LIBRARY OF CONGRESS CALL NUMBER | |
| Classification number | RC582 |
| Item number | .P44 2021 |
| Source of classification or shelving scheme | Not for loan | Permanent location | Current location | Date acquired | Accession No. | Full call number | Barcode. | Koha item type |
|---|---|---|---|---|---|---|---|---|
| Library of Congress Classification | Medical Library | Medical Library | 04/03/2025 | 2024/64049 | RC582.P44 | 2025-1115 | Books |